00466nam a22001457a 4500020001500000082001800015245004800033260002800081300002900109526003700138650001900175942001200194999001900206952009500225 a9280775011 a363.7bUNIcD a1993 Annual Report of the Excutive Director aUNEP/IPA, :bUNEPc1995 a160 p. :bill, :c24 cm. a0b0c0d363_700000000000000_UNI aMCE (D)938186 2ddccBK c542826d542826 00102ddc4070aMCEbMCEd2014-02-19l0o363.7 UNIpMCE-42503r2014-02-19w2014-02-19yBK